| 000 | 00653nam a2200241Ia 4500 | ||
|---|---|---|---|
| 003 | GCL | ||
| 008 | 140319s9999 xx 000 0 eng d | ||
| 040 |
_aGCL / _cGCL |
||
| 082 | 0 | 4 |
_a947.08 _bV S |
| 100 | 1 | _aPARKER,RICHERD B | |
| 245 | 1 | 0 |
_aV.I.LENIN / _cPARKER,RICHERD B |
| 700 | 1 | _aSABIN,REBIN | |
| 700 | 1 | _aWILLIAMS, CAROLINE | |
| 700 | 1 | _aLENIN, V.I. | |
| 260 |
_aروسيا : _bFOREIGN LANGUAGES PUBLISHING HOUSE ، _c1952 |
||
| 300 |
_a20 CM ؛ _c515 P |
||
| 650 | 0 | 4 | _aLENIN 1925 - 1953 USSR |
| 650 | 0 | 4 | _aEGYPT |
| 650 | 0 | 4 | _aCAIRO |
| 650 | 0 | 4 | _aMONUMENTS |
| 650 | 0 | 4 | _aSOVIET UNION - HISTORY - REVOLUTION, 1917 |
| 942 |
_2ddc _cBK |
||
| 999 |
_c16662 _d16662 |
||